Harry Potter à l'école des sorciers - Statistiques

Statistiques générales
  • Ce quiz a été pris 596 fois
  • Le résultat moyen est 13 sur 15
Statistiques - réponses
Question Réponse % Correct
Ami garçon d'Harry Ron Weasley
99%
Ami fille d'Harry Hermione Granger
98%
Professeur qu'il déteste Rogue
97%
Nom de l'école de sorcellerie Poudlard
96%
Nom du mage noir qui à tué ses parents Lord Voldemort
95%
Prénom de sa mère Lily
91%
Maison dans laquelle il arrive Gryffondor
90%
Nom de la chouette d'Harry Hedwige
90%
Prénom de son père James
89%
Sport des sorciers Quidditch
87%
Nom du train dans lequel il embarque Poudlard Express
86%
Professeur de métamorphose McGonagall
79%
Adresse des Dursley 4, Privet Drive
78%
Élève qu'Harry déteste Drago Malefoy
71%
Professeur de sortilèges Flitwick
59%
Aucun quiz correspondant
Distribution des résultats
% des personnes avec chaque résultat
Percentile par nombre de réponses
Votre historique - résultats
Vous n’avez pas pris ce quiz